Normal view
MARC view
- Employees
Entry Topical Term
001 - CONTROL NUMBER
- control field: 12376
003 - CONTROL NUMBER IDENTIFIER
- control field: NUST
005 - DATE AND TIME OF LATEST TRANSACTION
- control field: 20181030104057.0
008 - FIXED-LENGTH DATA ELEMENTS
- fixed length control field: 181030|| aca||aabn | a|a d
040 ## - CATALOGING SOURCE
- Original cataloging agency: NUST
- Transcribing agency: NUST
150 ## - HEADING--TOPICAL TERM
- Topical term or geographic name entry element: Employees
- General subdivision: Rating of.
670 ## - SOURCE DATA FOUND
- Source citation: Work cat.: (NUST)0: Schwartz, Andrew E. 12372, Personal strategies for managing stress /, 1999.
